00456nam a2200193 a 4500001001300000003000900013005001700022008004100039020001000080082001300090100001600103245001700119260002900136300000900165500003500174505001000209650002700219700001600246nice12345678IN_TiNIC20260116011602.0050524s1925 mada grp 000 0 eng  ac10000a228bSEL aSell, Canon aApocalypses. aMadrasbSpck Pressc1925 a165p aincludes index and biblioraphy2 aIndex aApocalyptic Literature1 aSell, Canon